Phương pháp khảo sát hàm số: Tuyển sinh vào Đại học: Bồi dưỡng học sinh chuyên Toán T.1
Giới thiệu hàm số bậc nhất, hàm số bậc 2, hàm số bậc 3. Đề cập đến hàm số bậc 4 trùng phương; Hàm số bậc 4 tổng quát.
Đã lưu trong:
| Tác giả chính: | |
|---|---|
| Định dạng: | Sách |
| Năm xuất bản: |
Tp.Hồ Chí Minh
1999
|
| Chủ đề: | |
| Tags: |
Thêm thẻ
Không có thẻ, Hãy là người đầu tiên gắn thẻ bản ghi này!
|
| LEADER | 00852nam a2200193 4500 | ||
|---|---|---|---|
| 999 | |c 5646 |d 5646 | ||
| 082 | |a 512.0076 |b PH104A | ||
| 100 | |a Phạm An Hòa | ||
| 245 | |a Phương pháp khảo sát hàm số: |c Phạm An Hòa |b Tuyển sinh vào Đại học: Bồi dưỡng học sinh chuyên Toán |n T.1 | ||
| 260 | |a Tp.Hồ Chí Minh |b |c 1999 | ||
| 300 | |a 369 tr. |c 21 cm | ||
| 520 | |a Giới thiệu hàm số bậc nhất, hàm số bậc 2, hàm số bậc 3. Đề cập đến hàm số bậc 4 trùng phương; Hàm số bậc 4 tổng quát. | ||
| 653 | |a Toán học | ||
| 653 | |a Đại số | ||
| 653 | |a Khảo sát hàm số | ||
| 653 | |a Bài tập | ||
| 653 | |a Luyện thi | ||
| 942 | |2 ddc |c SH | ||
| 952 | |0 0 |1 0 |2 ddc |4 0 |6 512_007600000000000_PH104A |7 0 |8 500 |9 51922 |a qbu |b qbu |c D3 |d 2014-12-26 |g 25000 |o 512.0076 PH104A |p 2542.c1 |r 0000-00-00 |w 2014-12-26 |y SH | ||